Daily Capital City Riddle #59 - Statistics

General Stats
  • This quiz has been taken 43 times
  • The average score is 32 of 37
Answer Stats
Type Answer % Correct
Found Letter A
100%
Alphabet Letter L
100%
Alphabet Letter N
100%
Alphabet Letter E
97%
Found Letter I
97%
Alphabet Letter O
97%
Alphabet Letter R
97%
Found Letter B
93%
Alphabet Letter G
93%
Alphabet Letter M
93%
Found Letter S
93%
Alphabet Letter T
93%
Alphabet Letter W
93%
Correctly Placed Letter A
90%
Alphabet Letter C
90%
Found Letter D
90%
Correctly Placed Letter I
90%
Alphabet Letter K
90%
Alphabet Letter U
90%
Correctly Placed Letter A
87%
Alphabet Letter P
87%
Correctly Placed Letter S
87%
Correctly Placed Letter A
83%
Correctly Placed Letter D
83%
Alphabet Letter H
83%
Alphabet Letter V
83%
Alphabet Letter Y
83%
Alphabet Letter J
80%
Correctly Placed Letter A
77%
Mystery Capital Addis Ababa
77%
Correctly Placed Letter B
77%
Correctly Placed Letter B
77%
Correctly Placed Letter D
77%
Alphabet Letter F
77%
Alphabet Letter Q
77%
Alphabet Letter X
77%
Alphabet Letter Z
77%
No matching quizzes found
Score Distribution
Percent of People with Each Score
Percentile by Number Answered
Your Score History
You have not taken this quiz